000 00439nam a2200157 i 4500
001 113823
003 ES-MaACL
005 20230906190019.0
007 t|
008 061121s1918 sp r ||||1| cat d
245 0 0 _aNomenclator de las ciutats, viles i pobles de Catalunya.
260 _aBarcelona :
_bCasa de Caritat,
_c1918.
300 _a96 p. ;
_c20 cm.
651 4 _aCataluña-
_vNomencladores.
_9166001
852 _aES-MaACL
_jF-7676
999 _c113823
_d113823